Départements Français à l'Ouest du Méridien de Greenwich - Statistiques

Statistiques générales
  • Ce quiz a été pris 1 126 fois
  • Le résultat moyen est 23 sur 26
Réponses sur la Carte
Les réponses sont colorées sur une échelle allant du rouge au vert en fonction du pourcentage des utilisateurs qui les ont devinées à leur premier essai. Vous pouvez retrouver ces pourcentages ci-dessous.
 
Statistiques - réponses
Département % Correct
Finistère
98%
Gironde
97%
Morbihan
96%
Charente
95%
Ille-et-Vilaine
95%
Landes
95%
Loire-Atlantique
95%
Vendée
95%
Charente-Maritime
94%
Côtes-d'Armor
94%
Pyrénées-Atlantiques
94%
Calvados
92%
Manche
92%
Mayenne
88%
Guadeloupe
87%
Guyane
87%
Hautes-Pyrénées
87%
Martinique
87%
Deux-Sèvres
86%
Sarthe
86%
Maine-et-Loire
84%
Orne
83%
Gers
81%
Vienne
80%
Lot-et-Garonne
79%
Dordogne
67%
Aucun quiz correspondant
Distribution des résultats
% des personnes avec chaque résultat
Percentile par nombre de réponses
Votre historique - résultats
Vous n’avez pas pris ce quiz